I stand by the door: (Record no. 13702)

000 -LEADER
fixed length control field 00585nam a2200181 a 4500
001 - CONTROL NUMBER
control field :::00011525$&:&@@
003 - CONTROL NUMBER IDENTIFIER
control field OkBaRHE
005 - DATE AND TIME OF LATEST TRANSACTION
control field 20000607103409.0
008 - FIXED-LENGTH DATA ELEMENTS--GENERAL INFORMATION
fixed length control field s1967 j 000 0 eng u
040 ## - CATALOGING SOURCE
Transcribing agency
100 1# - MAIN ENTRY--PERSONAL NAME
Personal name Shoemaker, Helen Smith.
245 10 - TITLE STATEMENT
Title I stand by the door:
Remainder of title the life of Sam Shoemaker.
260 ## - PUBLICATION, DISTRIBUTION, ETC. (IMPRINT)
Place of publication, distribution, etc Waco, TX., :
Name of publisher, distributor, etc Word Books
Date of publication, distribution, etc c1967
300 ## - PHYSICAL DESCRIPTION
Extent xviii, 220 p. ;
Dimensions 22 cm.
650 ## - SUBJECT ADDED ENTRY--TOPICAL TERM
Topical term or geographic name as entry element Shoemaker, Samuel Moor, 1893-1963.
942 ## - ADDED ENTRY ELEMENTS (KOHA)
Source of classification or shelving scheme
Koha item type Books
Copies
Copy number Source of classification or shelving scheme Barcode Permanent Location Koha item type Shelving location Date last seen Not for loan Price effective from Damaged status Lost status Date acquired Withdrawn status Full call number
1 11525RHEMA Bible Training CollegeBooksGeneral Stacks2010-04-14 2010-04-14  2010-04-14 BX 5995 .S347S5